000 00634nam a22002297a 4500
003 UA-OsUOA
001 100972
007 ta
008 20130603b un ||||| |||| 00| 0 ukr d
100 _aЧхеидзе О.
090 _a821.353.1
_bЧ-97
942 _cBK
040 _aUA-OsUOA
_brus
_cUA-OsUOA
_dUA-OsUOA
245 _aВетер, которому нет имени
_bроман
300 _a190 с.
955 _a3
041 _arus
080 _a821.353.1
260 _aМ.
_bСоветский писатель
_c1983
650 7 _a82 Література. Літературознавство
_2UDC
999 _c386915
_d386915